Hauptstädte und größte Städte (Italien) - Statistiken

Allgemein
  • Dieses Quiz wurde 47 mal gespielt
  • Das Durchschnittsergebnis liegt bei 19 aus 42
Antwortstatistiken
Antwort % Korrekt
Rom
100%
Rom
97%
Mailand
57%
Mailand
57%
Rom
57%
Rom
57%
Florenz
54%
Florenz
54%
Palermo
54%
Palermo
54%
Venedig
54%
Genua
51%
Genua
51%
Turin
51%
Turin
51%
Bologna
49%
Cagliari
49%
Cagliari
49%
Bari
46%
Bologna
46%
Neapel
46%
Triest
46%
Aosta
43%
Bari
43%
Neapel
43%
Triest
43%
Aosta
40%
Trient
40%
Trient
40%
Verona
37%
Ancona
31%
Ancona
31%
Perugia
29%
Perugia
29%
Reggio Calabria
29%
Campobasso
26%
L’Aquila
26%
Catanzaro
23%
Potenza
23%
Campobasso
20%
Potenza
20%
Pescara
17%
Keine übereinstimmenden Quizze gefunden
Verteilung der Resultate
Anzahl Personen mit jedem Resultat
Perzentil nach korrekt beantworteten Fragen
Ihre Resultats-Entwicklung
Sie haben dieses Quiz noch nicht gespielt